|
|
|
|
| LEADER |
00742pam a22002418a 4500 |
| 001 |
00023989 |
| 005 |
20171026081023.0 |
| 008 |
110707s1979 ||||||engsd |
| 020 |
# |
# |
|a 0 15 550900 4
|
| 041 |
0 |
# |
|a eng
|
| 082 |
1 |
4 |
|a 428
|b L300G
|
| 100 |
1 |
# |
|a Felder, Mira B.
|
| 245 |
1 |
0 |
|a Light and lively
|b a reader
|c Mira B. Felder, Anna Bryks Bromberg
|
| 260 |
# |
# |
|a New York
|b Harcourt, Brace, Jovanovich
|c 1979
|
| 300 |
# |
# |
|a xiii, 191 p.
|b ill.
|c 24 cm.
|
| 650 |
# |
4 |
|a English language
|
| 650 |
# |
4 |
|a Readers
|
| 653 |
# |
# |
|a Tiếng anh
|
| 700 |
1 |
# |
|a Bromberg, Anna Bryks
|
| 852 |
# |
# |
|b Kho đọc
|j KD.0008698
|
| 852 |
# |
# |
|j KD.0008698
|
| 910 |
|
|
|d 07/07/2011
|
| 980 |
# |
# |
|a Trung tâm Học liệu Lê Vũ Hùng, Trường Đại học Đồng Tháp
|